000 00630nam a2200193Ii 4500
003 JO-AjNU
008 230606s9999||||xx |||||||||||||| ||und||
040 _aJO-AjNU
_beng
_erda
_cJO-AjNU
041 _aeng
050 1 4 _aTK5105.8881.I58 2011
100 3 _aAlnsour, ayman ,
_eauthor
_91465
245 0 0 _aproceedings of the international conference on intelligent semantic web services and applications
264 3 1 _aAmman: isra university , 2011
300 _a108p
336 _atext
_btxt
_2rdacontent
337 _aunmediated
_bn
_2rdamedia
338 _avolume
_bnc
_2rdacarrier
650 4 _aSemantic Web -- Congresses. 
_91466
999 _aE772
_c772
_d772